Microprocessors and microcomputer development systems : (Record no. 176114)
[ view plain ]
| 000 -LEADER | |
|---|---|
| fixed length control field | 01217 a2200217 4500 |
| 003 - CONTROL NUMBER IDENTIFIER | |
| control field | Nust |
| 005 - DATE AND TIME OF LATEST TRANSACTION | |
| control field | 20170207152517.0 |
| 010 ## - LIBRARY OF CONGRESS CONTROL NUMBER | |
| LC control number | 83012626 |
| 020 ## - INTERNATIONAL STANDARD BOOK NUMBER | |
| International Standard Book Number | 0060453125 |
| 040 ## - CATALOGING SOURCE | |
| Transcribing agency | Nust |
| 082 00 - DEWEY DECIMAL CLASSIFICATION NUMBER | |
| Classification number | 001.64 |
| 100 1# - MAIN ENTRY--PERSONAL NAME | |
| Personal name | Rafiquzzaman, Mohamed. |
| 245 10 - TITLE STATEMENT | |
| Title | Microprocessors and microcomputer development systems : |
| Remainder of title | designing microprocessor-based systems / |
| Statement of responsibility, etc. | Mohamed Rafiquzzaman. |
| 260 ## - PUBLICATION, DISTRIBUTION, ETC. | |
| Place of publication, distribution, etc. | New York : |
| Name of publisher, distributor, etc. | Harper & Row, |
| Date of publication, distribution, etc. | c1984. |
| 300 ## - PHYSICAL DESCRIPTION | |
| Extent | xv, 679 p. : |
| Other physical details | ill. ; |
| Dimensions | 25 cm. |
| 505 ## - FORMATTED CONTENTS NOTE | |
| Formatted contents note | Introduction to Microprocessor Development Systems and Microprocessor Based Design (Page-1)Microcomputers Fundamentals (Page-13)Microcomputer System Hardware and I/O Techniques (Page-43) Typical 8-Bit Microprocessors and Microcomputers (Page-65) 8085 Inputs /Outputs (Page-145) Intel 8086 and ZILOG Z8000(Page-165) Motorola 68000 and Intel 432 (Page-215) Typical Microprocessor Interface Chips (Page-291)Fundamentals of Microprocessors Development Systems (Page-341)Popular Microprocomputers Development Systems (Page-287)The Hewlett Packard HP 64000(Page-457)Design Problems (Page-545) |
| 538 ## - SYSTEM DETAILS NOTE | |
| System details note | Almirah No. 2 and Shelf No. 5 |
| 650 #0 - SUBJECT ADDED ENTRY--TOPICAL TERM | |
| Topical term or geographic name entry element | Microcomputers. |
| 650 #0 - SUBJECT ADDED ENTRY--TOPICAL TERM | |
| Topical term or geographic name entry element | Microprocessors. |
| 650 #0 - SUBJECT ADDED ENTRY--TOPICAL TERM | |
| Topical term or geographic name entry element | System design. |
| 942 ## - ADDED ENTRY ELEMENTS (KOHA) | |
| Source of classification or shelving scheme | |
| Koha item type | Book |
| Withdrawn status | Lost status | Source of classification or shelving scheme | Damaged status | Not for loan | Collection code | Permanent Location | Current Location | Date acquired | Total Checkouts | Full call number | Barcode | Date last seen | Price effective from | Koha item type |
|---|---|---|---|---|---|---|---|---|---|---|---|---|---|---|
| Military College of Signals (MCS) | Military College of Signals (MCS) | 12/12/2016 | 001.64 RAF | MCS2507 | 12/08/2016 | 12/12/2016 | Book |
